[Event "Oberliga Wuerttemberg 2122"]
[Site "Wuerttemberg"]
[Date "2022.05.15"]
[Round "9.3"]
[White "Reck, Moritz"]
[Black "Weidel, Albrecht"]
[Result "1/2-1/2"]
[WhiteElo "2115"]
[BlackElo "2136"]
[PlyCount "127"]
[EventDate "2021.09.19"]
[EventType "team-tourn"]
[EventRounds "9"]
[EventCountry "GER"]
[SourceTitle "EXT 2024"]
[Source "ChessBase"]
[SourceDate "2023.10.10"]
[SourceVersion "1"]
[SourceVersionDate "2023.10.10"]
[SourceQuality "1"]
[WhiteTeam "Schoenaich II"]
[BlackTeam "Stuttgart SF II"]
[WhiteTeamCountry "GER"]
[BlackTeamCountry "GER"]

1. e4 e5 2. Nc3 Nf6 3. g3 Bc5 4. Bg2 d6 5. d3 Ng4 6. Nh3 Nc6 7. 0-0 h5 8. Na4 h4 9. Nxc5 dxc5 10. c3 hxg3 11. hxg3 Bd7 12. f3 Nh6 13. Bg5 f6 14. Be3 Qe7 15. Qe2 Nf7 16. Nf2 g5 17. a3 Qf8 18. Ng4 Nh6 19. Nxh6 Qxh6 20. Bxc5 Qh2+ 21. Kf2 Rh3 22. Ke1 Qxg3+ 23. Qf2 Qxf2+ 24. Kxf2 Rh8 25. b4 b6 26. Be3 Kf7 27. d4 Rh5 28. Rh1 Rah8 29. Rxh5 Rxh5 30. a4 exd4 31. Bxd4 a5 32. b5 Ne5 33. Kg3 Be6 34. Bf1 Rh1 35. Kg2 Rh5 36. c4 Ng6 37. Be3 Rh8 38. Rc1 Bh3+ 39. Kg3 Bxf1 40. Rxf1 Rd8 41. c5 bxc5 42. Rc1 Rd3 43. Kf2 Ke6 44. Rxc5 Kd7 45. Rd5+ Rxd5 46. exd5 Ne5 47. Bd4 Kd6 48. Bc3 Nc4 49. Bxf6 Nb6 50. Bxg5 Nxa4 51. Bf4+ Kxd5 52. Bxc7 Kc5 53. Bxa5 Kxb5 54. Bd2 Nc5 55. Ke3 Kc4 56. f4 Kd5 57. Bc3 Ne4 58. Bb4 Ng3 59. Kf3 Nf5 60. Bc3 Nh4+ 61. Kg4 Ng2 62. f5 Ne3+ 63. Kg5 Nxf5 64. Kxf5 1/2-1/2

[Event "BL2-Sued 1920"]
[Site "Germany"]
[Date "2020.02.08"]
[Round "7.8"]
[White "Reck, Moritz"]
[Black "Fichter, Fabian"]
[Result "0-1"]
[WhiteElo "2141"]
[BlackElo "2251"]
[PlyCount "100"]
[EventDate "2019.10.19"]
[EventType "team-tourn"]
[EventRounds "11"]
[EventCountry "GER"]
[SourceTitle "CBM 194 Extra"]
[Source "ChessBase"]
[SourceDate "2020.03.31"]
[SourceVersion "1"]
[SourceVersionDate "2020.03.31"]
[SourceQuality "1"]
[WhiteTeam "Schoenaich"]
[BlackTeam "Walldorf"]
[WhiteTeamCountry "GER"]
[BlackTeamCountry "GER"]

1. e4 c5 2. Nc3 e6 3. g3 Nc6 4. Bg2 Nf6 5. d3 Be7 6. f4 d5 7. e5 Nd7 8. Nf3 b5 9. 0-0 Rb8 10. Ne2 g6 11. c3 b4 12. c4 Nb6 13. b3 a5 14. Be3 0-0 15. Rc1 d4 16. Bf2 Bb7 17. g4 a4 18. f5 exf5 19. gxf5 gxf5 20. Bg3 Kh8 21. Nd2 Bg5 22. Rxf5 Be3+ 23. Kh1 Ne7 24. Bh4 Bxg2+ 25. Kxg2 Qd7 26. Bf6+ Kg8 27. Ng3 Ng6 28. Rc2 Qc6+ 29. Nde4 Nd7 30. Kh3 Rfe8 31. Qh5 Qe6 32. Kg2 Qc6 33. Kf1 axb3 34. axb3 Ra8 35. Ke2 Ra1 36. Qf3 Rea8 37. h4 R8a2 38. Rxa2 Rxa2+ 39. Kf1 Qa6 40. h5 Rb2 41. Ne2 Qa1+ 42. Kg2 Ndxe5 43. Rxe5 Rxe2+ 44. Qxe2 Nf4+ 45. Kg3 Qg1+ 46. Kh4 Qh1+ 47. Kg5 Nxe2+ 48. Kg4 Qg2+ 49. Kh4 Bf2+ 50. Nxf2 Qg3# 0-1

[Event "Oberliga Wuerttemberg 1920"]
[Site "Wuerttemberg"]
[Date "2019.12.15"]
[Round "5.6"]
[White "Reck, Moritz"]
[Black "Bossinger, Patrick"]
[Result "1-0"]
[WhiteElo "2128"]
[BlackElo "2029"]
[PlyCount "141"]
[EventDate "2019.09.15"]
[EventType "team-tourn"]
[EventRounds "9"]
[EventCountry "GER"]
[SourceTitle "EXT 2021"]
[Source "ChessBase"]
[SourceDate "2020.10.23"]
[SourceVersion "1"]
[SourceVersionDate "2020.10.23"]
[SourceQuality "1"]
[WhiteTeam "Schoenaich II"]
[BlackTeam "Jedesheim"]
[WhiteTeamCountry "GER"]
[BlackTeamCountry "GER"]

1. e4 c5 2. Nc3 a6 3. g3 b5 4. Bg2 Bb7 5. d3 g6 6. Be3 d6 7. Qd2 Bg7 8. f4 b4 9. Nd1 Nc6 10. Nf3 Nf6 11. h3 e6 12. 0-0 0-0 13. g4 Nd7 14. f5 Nce5 15. Nxe5 Bxe5 16. Bh6 Bg7 17. Bg5 Bf6 18. Bxf6 Nxf6 19. g5 Nd7 20. f6 e5 21. Ne3 Qc7 22. Qf2 Rfb8 23. Nc4 Kh8 24. h4 Rg8 25. h5 Nf8 26. Qh4 Bc8 27. Rf3 Ne6 28. hxg6 Rxg6 29. Rg3 Nf4 30. Kf2 Qd8 31. Rh1 Qg8 32. Nxd6 Be6 33. Nf5 Re8 34. Bh3 Bd7 35. Bf1 Ne6 36. Ne7 Rxe7 37. fxe7 Nxg5 38. Be2 f6 39. Bg4 Be8 40. Bf5 Rg7 41. Ke2 Qf7 42. Rf1 Qxe7 43. Rg2 Bg6 44. Rh2 Bxf5 45. Rxf5 Rg6 46. Qh5 Qg7 47. Rf1 Ne6 48. Kd2 Nf4 49. Qf5 h6 50. Qc8+ Kh7 51. Qxc5 Ne6 52. Qf2 Nd4 53. c3 bxc3+ 54. bxc3 Ne6 55. Qf5 Nf4 56. Rxf4 exf4 57. Rg2 Qf7 58. c4 Kg7 59. Rxg6+ Qxg6 60. Qxg6+ Kxg6 61. c5 Kf7 62. Ke2 Ke6 63. Kf3 f5 64. Kxf4 fxe4 65. Kxe4 h5 66. d4 h4 67. d5+ Kf6 68. Kf4 h3 69. Kg3 Ke5 70. d6 h2 71. Kxh2 1-0

[Event "Oberliga Wuerttemberg 1920"]
[Site "Wuerttemberg"]
[Date "2019.12.01"]
[Round "4.6"]
[White "Wendler, David"]
[Black "Reck, Moritz"]
[Result "1-0"]
[WhiteElo "2105"]
[BlackElo "2128"]
[PlyCount "121"]
[EventDate "2019.09.15"]
[EventType "team-tourn"]
[EventRounds "9"]
[EventCountry "GER"]
[SourceTitle "EXT 2021"]
[Source "ChessBase"]
[SourceDate "2020.10.23"]
[SourceVersion "1"]
[SourceVersionDate "2020.10.23"]
[SourceQuality "1"]
[WhiteTeam "Bebenhausen"]
[BlackTeam "Schoenaich II"]
[WhiteTeamCountry "GER"]
[BlackTeamCountry "GER"]

1. e4 g6 2. d4 Bg7 3. Nc3 d6 4. f4 Nf6 5. Nf3 0-0 6. Be3 b6 7. e5 dxe5 8. dxe5 Ng4 9. Bg1 Bb7 10. Bd3 Na6 11. h3 Nh6 12. Qe2 Qc8 13. g4 f6 14. Bc4+ Nf7 15. Nd5 Kh8 16. e6 Nd6 17. Nxe7 Qe8 18. Bxa6 Bxa6 19. Qxa6 Qxe7 20. Qe2 Rfe8 21. 0-0-0 Qxe6 22. Qxe6 Rxe6 23. Bh2 Rae8 24. f5 gxf5 25. Nd4 Re4 26. Bxd6 cxd6 27. Nxf5 Bf8 28. Nxd6 Bxd6 29. Rxd6 Kg7 30. Rf1 Re1+ 31. Rxe1 Rxe1+ 32. Kd2 Rh1 33. Rd7+ Kg6 34. Rxa7 Rh2+ 35. Kd3 Rxh3+ 36. Ke4 Rh4 37. Kf3 h5 38. gxh5+ Rxh5 39. Ra6 Rh2 40. Rxb6 Rxc2 41. a4 Kf5 42. a5 Rc5 43. a6 Ra5 44. b4 Ra3+ 45. Kf2 Ke5 46. b5 f5 47. Rb7 Ra2+ 48. Ke1 Ra1+ 49. Kd2 Ra2+ 50. Kc3 f4 51. a7 f3 52. b6 Kd6 53. Rb8 f2 54. Rf8 Kc6 55. Rxf2 Rxf2 56. a8Q+ Kxb6 57. Qd5 Rf1 58. Qb3+ Ka7 59. Qa4+ Kb6 60. Qb4+ Ka7 61. Qa5+ 1-0

[Event "Oberliga Wuerttemberg 1920"]
[Site "Wuerttemberg"]
[Date "2019.11.10"]
[Round "3.6"]
[White "Reck, Moritz"]
[Black "Wunder, Niklas"]
[Result "0-1"]
[WhiteElo "2128"]
[BlackElo "2055"]
[PlyCount "72"]
[EventDate "2019.09.15"]
[EventType "team-tourn"]
[EventRounds "9"]
[EventCountry "GER"]
[SourceTitle "EXT 2021"]
[Source "ChessBase"]
[SourceDate "2020.10.23"]
[SourceVersion "1"]
[SourceVersionDate "2020.10.23"]
[SourceQuality "1"]
[WhiteTeam "Schoenaich II"]
[BlackTeam "Weiler im Allgaeu"]
[WhiteTeamCountry "GER"]
[BlackTeamCountry "GER"]

1. e4 e5 2. Nc3 Nf6 3. f4 d5 4. fxe5 Nxe4 5. Nf3 Bc5 6. d4 Bb6 7. Bd3 Nc6 8. Be3 f5 9. Ne2 Nb4 10. Bb5+ Bd7 11. Bxd7+ Qxd7 12. c3 Nc6 13. a4 0-0 14. Nf4 a6 15. Rc1 g5 16. Nd3 f4 17. Bg1 Nd8 18. Qb3 Ne6 19. Nf2 Kh8 20. Nd2 Nxd2 21. Kxd2 Ba5 22. Kc2 c5 23. Nd1 f3 24. gxf3 Nxd4+ 25. cxd4 c4 26. Qc3 Bxc3 27. Kxc3 Rxf3+ 28. Be3 Qxa4 29. Kd2 Rg8 30. h4 gxh4 31. Ke2 Rfg3 32. Rxh4 Rg2+ 33. Kf1 Qb3 34. Nc3 Qxb2 35. Rh1 Rc2 36. Nd1 Rf8+ 0-1

[Event "BL2-Sued 1819"]
[Site "Germany"]
[Date "2019.03.24"]
[Round "10.7"]
[White "Kovacs, Gabor H"]
[Black "Reck, Moritz"]
[Result "1-0"]
[WhiteElo "2457"]
[BlackElo "2138"]
[PlyCount "93"]
[EventDate "2018.11.10"]
[EventType "team-tourn"]
[EventRounds "10"]
[EventCountry "GER"]
[SourceTitle "CBM 190 Extra"]
[Source "ChessBase"]
[SourceDate "2019.07.15"]
[SourceVersion "1"]
[SourceVersionDate "2019.07.15"]
[SourceQuality "1"]
[WhiteTeam "Speyer Schwegenheim"]
[BlackTeam "Schoenaich"]
[WhiteTeamCountry "GER"]
[BlackTeamCountry "GER"]

1. c4 e5 2. Nc3 Nc6 3. g3 g6 4. Bg2 Bg7 5. d3 d6 6. e3 Be6 7. Nge2 Qd7 8. Nd5 Nd8 9. 0-0 c6 10. Ndc3 Nf6 11. b3 Bh3 12. Ba3 h5 13. Ne4 Nxe4 14. dxe4 Bxg2 15. Kxg2 c5 16. h4 Ne6 17. Nc3 0-0-0 18. Qe2 g5 19. hxg5 Nxg5 20. Rh1 f5 21. Rh4 Nxe4 22. Nxe4 fxe4 23. Rah1 Qf7 24. Rxh5 Rdf8 25. Rxh8 Bxh8 26. Kg1 Kc7 27. Rh2 Qf3 28. Qxf3 exf3 29. e4 Bf6 30. Bc1 a6 31. Rh5 Bd8 32. Kh2 Rg8 33. Kh3 b5 34. Bd2 bxc4 35. bxc4 Kc6 36. g4 Be7 37. Rh7 Kd7 38. g5 Ke6 39. Kg4 Rb8 40. Rh6+ Kf7 41. g6+ Kg8 42. Rh7 Bf8 43. Ra7 Rb2 44. Be3 Rxa2 45. Ra8 Kg7 46. Kh5 Be7 47. Ra7 1-0

[Event "Bayern-chI Bank Hofmann 22nd"]
[Site "Tegernsee"]
[Date "2018.10.27"]
[Round "1"]
[White "Reck, Moritz"]
[Black "Kovalenko, Igor"]
[Result "0-1"]
[WhiteElo "2136"]
[BlackElo "2646"]
[PlyCount "44"]
[EventDate "2018.10.27"]
[EventType "swiss"]
[EventRounds "9"]
[EventCountry "GER"]
[SourceTitle "CBM 187 Extra"]
[Source "ChessBase"]
[SourceDate "2018.11.04"]
[SourceVersion "1"]
[SourceVersionDate "2018.11.04"]
[SourceQuality "1"]

1. g3 d5 2. Bg2 c6 3. d3 h5 4. e4 dxe4 5. dxe4 Qxd1+ 6. Kxd1 h4 7. Bg5 e5 8. Nd2 Na6 9. Nb3 b6 10. c3 Be7 11. Be3 Nf6 12. f3 Be6 13. g4 Nd7 14. Nh3 Nac5 15. Nxc5 Bxc5 16. Re1 Ke7 17. Kc2 a5 18. Ng5 Bxe3 19. Rxe3 Nc5 20. Bf1 Rhd8 21. Ree1 a4 22. Red1 Bb3+ 0-1

[Event "Stuttgart-chA int"]
[Site "Ditzingen"]
[Date "2018.05.13"]
[Round "7"]
[White "Schiegg, Peter"]
[Black "Reck, Moritz"]
[Result "0-1"]
[WhiteElo "1975"]
[BlackElo "2134"]
[PlyCount "82"]
[EventDate "2018.05.10"]
[EventType "swiss"]
[EventRounds "7"]
[EventCountry "GER"]
[SourceTitle "EXT 2020"]
[Source "ChessBase"]
[SourceDate "2019.10.17"]
[SourceVersion "1"]
[SourceVersionDate "2019.10.17"]
[SourceQuality "1"]

1. Nf3 g6 2. g3 Bg7 3. Bg2 d6 4. d3 Nc6 5. c4 e5 6. Nc3 Be6 7. Rb1 h6 8. Nd5 Qd7 9. b4 Nd8 10. b5 c6 11. bxc6 bxc6 12. Ne3 f5 13. Qa4 Nf6 14. Ba3 0-0 15. 0-0 g5 16. c5 e4 17. Nd4 d5 18. f4 exf3 19. Rxf3 Nh5 20. Ndxf5 Bxf5 21. g4 Bxd3 22. Rxf8+ Kxf8 23. exd3 Nf4 24. Rf1 Kg8 25. Rxf4 gxf4 26. Nxd5 Rb8 27. Bf3 Rb1+ 28. Kg2 Ra1 29. Nxf4 Qf7 30. Ne2 Qxa2 31. Qxa7 Qxa3 32. Qd7 Nf7 33. Bxc6 Qxc5 34. Bd5 Qf8 35. Nf4 Ra6 36. Ne6 Qd6 37. Qe8+ Bf8 38. Nc7 Qxc7 39. Qb5 Rf6 40. Qb2 Qf4 41. Bxf7+ Rxf7 0-1

[Event "BL2-Sued 1718"]
[Site "Germany"]
[Date "2018.02.24"]
[Round "9.6"]
[White "Solonar, Stefan"]
[Black "Reck, Moritz"]
[Result "1-0"]
[WhiteElo "2315"]
[BlackElo "2060"]
[PlyCount "91"]
[EventDate "2017.10.21"]
[EventType "team-tourn"]
[EventRounds "10"]
[EventCountry "GER"]
[SourceTitle "CBM 183 Extra"]
[Source "ChessBase"]
[SourceDate "2018.04.19"]
[SourceVersion "1"]
[SourceVersionDate "2018.04.19"]
[SourceQuality "1"]
[WhiteTeam "Heusenstamm"]
[BlackTeam "Schoenaich"]
[WhiteTeamCountry "GER"]
[BlackTeamCountry "GER"]

1. c4 g6 2. e4 Bg7 3. d4 d6 4. Nf3 Nc6 5. d5 Nb8 6. Nc3 e5 7. Be2 Ne7 8. 0-0 0-0 9. Ne1 f5 10. Nd3 Nd7 11. Bd2 Nf6 12. f3 f4 13. c5 g5 14. Rc1 h5 15. cxd6 cxd6 16. Nf2 Ng6 17. Nb5 Rf7 18. Qc2 Ne8 19. a4 Nh4 20. Nxa7 Rc7 21. Ba5 Rxc2 22. Bxd8 Rxe2 23. Rxc8 Rxa7 24. Bxg5 Kf7 25. Bxh4 Rxa4 26. Rb1 Rb4 27. Nd3 Rb3 28. Rd1 Re3 29. Rc3 Rxc3 30. bxc3 Bf6 31. Bf2 Re2 32. Rb1 Rd2 33. Rxb7+ Kg6 34. Ne1 Rd1 35. Rb6 Rc1 36. Rc6 Kf7 37. Kf1 Ke7 38. Ke2 Kd7 39. c4 Bd8 40. c5 Ba5 41. Ra6 Ra1 42. c6+ Ke7 43. Ra7+ Nc7 44. Nc2 Ra2 45. Kd3 Kd8 46. Be1 1-0

[Event "Wuerttemberg-ch KT"]
[Site "Stuttgart"]
[Date "2017.08.31"]
[Round "6"]
[White "Handel, Oliver"]
[Black "Reck, Moritz"]
[Result "0-1"]
[WhiteElo "1813"]
[BlackElo "2082"]
[PlyCount "120"]
[EventDate "2017.08.26"]
[EventType "swiss"]
[EventRounds "7"]
[EventCountry "GER"]
[SourceTitle "EXT 2019"]
[Source "ChessBase"]
[SourceDate "2018.10.10"]
[SourceVersion "1"]
[SourceVersionDate "2018.10.10"]
[SourceQuality "1"]

1. e4 c5 2. Nf3 Nc6 3. Bb5 g6 4. 0-0 Bg7 5. c3 Qb6 6. Ba4 Nf6 7. Re1 Ng4 8. h3 Nge5 9. d3 0-0 10. Nbd2 Nxd3 11. Nc4 Qa6 12. Qxd3 Qxa4 13. b3 Qa6 14. Be3 b5 15. Ncd2 b4 16. Qxa6 Bxa6 17. Rac1 bxc3 18. Nb1 Nb4 19. Rxc3 Bxc3 20. Nxc3 Nc2 21. Rc1 Nxe3 22. fxe3 e6 23. e5 Rfc8 24. Ne4 Kg7 25. Nd6 Rc6 26. Ng5 Rf8 27. Nge4 c4 28. b4 Rb8 29. a3 c3 30. Nc5 Rxc5 31. bxc5 Rb3 32. Ne4 Rxa3 33. Nxc3 Bb7 34. Kf2 g5 35. Rc2 Bc6 36. Ne2 Be4 37. Rd2 Bd5 38. Rc2 Ra2 39. Rxa2 Bxa2 40. Nc3 Bd5 41. e4 Bc4 42. Kg3 a5 43. Kf2 Bb3 44. g3 a4 45. Nb5 Kg6 46. Na3 Bd1 47. Nc4 Kg7 48. Ke3 Kf8 49. Kd2 Bb3 50. Nd6 a3 51. Kc3 a2 52. Kb2 h5 53. h4 gxh4 54. gxh4 Ke7 55. Nc8+ Kd8 56. Nd6 Kc7 57. Nxf7 Kc6 58. Nd6 Kxc5 59. Nb7+ Kd4 60. Na5 Bc4 0-1

[Event "Wuerttemberg-ch KT"]
[Site "Stuttgart"]
[Date "2017.08.27"]
[Round "3"]
[White "Reck, Moritz"]
[Black "Engelhardt, Frank"]
[Result "1-0"]
[WhiteElo "2082"]
[BlackElo "1815"]
[PlyCount "115"]
[EventDate "2017.08.26"]
[EventType "swiss"]
[EventRounds "7"]
[EventCountry "GER"]
[SourceTitle "EXT 2019"]
[Source "ChessBase"]
[SourceDate "2018.10.10"]
[SourceVersion "1"]
[SourceVersionDate "2018.10.10"]
[SourceQuality "1"]

1. e4 Nf6 2. Nc3 d6 3. g3 e5 4. Bg2 Nc6 5. d3 g6 6. Be3 Bg7 7. h3 Be6 8. Qd2 Qd7 9. Bh6 0-0 10. Bxg7 Kxg7 11. f4 h6 12. Nf3 Nh5 13. f5 gxf5 14. exf5 Bxf5 15. g4 Ng3 16. gxf5 Nxh1 17. f6+ Kh7 18. Ng5+ Kg6 19. Be4+ Kxf6 20. Nh7+ Kg7 21. Qg2+ Kh8 22. Nxf8 Rxf8 23. 0-0-0 Rg8 24. Qxh1 f5 25. Bd5 Rg5 26. h4 Rg7 27. Rg1 Nd4 28. Rxg7 Qxg7 29. Bxb7 Qg3 30. Bd5 Qf2 31. Bb3 Nf3 32. h5 Kg7 33. a3 Kf6 34. Nd5+ Kg5 35. Nxc7 Qe3+ 36. Kb1 Qe1+ 37. Qxe1 Nxe1 38. Nb5 Kxh5 39. Nxd6 f4 40. Kc1 Kg4 41. Nf7 f3 42. Kd2 f2 43. Ke2 Kg3 44. Bd5 Nxc2 45. Nd6 f1Q+ 46. Kxf1 Ne3+ 47. Ke2 Nxd5 48. Nf5+ Kf4 49. Nxh6 Kg5 50. Nf7+ Kf6 51. Nd8 a6 52. Kf3 Ke7 53. Nb7 Nb6 54. Nc5 a5 55. Ke4 Kf6 56. a4 Kf7 57. Kxe5 Ke7 58. b3 1-0

[Event "BL2-Sued 1617"]
[Site "Germany"]
[Date "2017.04.23"]
[Round "8.5"]
[White "Weidemann, Joerg"]
[Black "Reck, Moritz"]
[Result "1-0"]
[WhiteElo "2305"]
[BlackElo "2095"]
[PlyCount "47"]
[EventDate "2016.10.16"]
[EventType "team-tourn"]
[EventRounds "9"]
[EventCountry "GER"]
[SourceTitle "EXT 2018"]
[Source "ChessBase"]
[SourceDate "2017.10.13"]
[SourceVersion "1"]
[SourceVersionDate "2017.10.13"]
[SourceQuality "1"]
[WhiteTeam "Emmendingen"]
[BlackTeam "Schoenaich"]
[WhiteTeamCountry "GER"]
[BlackTeamCountry "GER"]

1. e4 g6 2. d4 Bg7 3. Nc3 d6 4. Be2 Nc6 5. Nf3 e5 6. dxe5 Nxe5 7. Nxe5 dxe5 8. Qxd8+ Kxd8 9. Bg5+ Kd7 10. 0-0-0+ Kc6 11. Bb5+ Kb6 12. Be3+ c5 13. Bc4 Nf6 14. Rd6+ Kc7 15. Rxf6 Bxf6 16. Nd5+ Kc6 17. Nxf6 Be6 18. Bxe6 fxe6 19. Ng4 b6 20. Nxe5+ Kb5 21. c4+ Ka4 22. Kc2 Rac8 23. Bd2 Rhd8 24. Nd3 1-0

[Event "BL2-Sued 1617"]
[Site "Germany"]
[Date "2017.01.15"]
[Round "4.8"]
[White "Everett, Elijah David"]
[Black "Reck, Moritz"]
[Result "1/2-1/2"]
[WhiteElo "2101"]
[BlackElo "2095"]
[PlyCount "140"]
[EventDate "2016.10.16"]
[EventType "team-tourn"]
[EventRounds "9"]
[EventCountry "GER"]
[SourceTitle "EXT 2018"]
[Source "ChessBase"]
[SourceDate "2017.10.13"]
[SourceVersion "1"]
[SourceVersionDate "2017.10.13"]
[SourceQuality "1"]
[WhiteTeam "Schoeneck"]
[BlackTeam "Schoenaich"]
[WhiteTeamCountry "GER"]
[BlackTeamCountry "GER"]

1. e4 c6 2. d4 d5 3. Nd2 dxe4 4. Nxe4 Bf5 5. Ng3 Bg6 6. h4 h6 7. Nf3 Nf6 8. h5 Bh7 9. Bd3 Bxd3 10. Qxd3 e6 11. Bf4 Qa5+ 12. Bd2 Qd5 13. c4 Qd8 14. 0-0-0 Be7 15. Ne4 Nbd7 16. Kb1 0-0 17. Nxf6+ Nxf6 18. Ne5 c5 19. dxc5 Bxc5 20. Qe2 Qd4 21. f3 Qf2 22. Qxf2 Bxf2 23. g4 Bd4 24. Bf4 Rfd8 25. Rd2 Bxe5 26. Rxd8+ Rxd8 27. Bxe5 Rd3 28. Rf1 Nh7 29. Kc2 Rd7 30. Rd1 Rxd1 31. Kxd1 f6 32. Bd4 a6 33. b4 e5 34. Bc5 Kf7 35. a4 Ke6 36. Ke2 f5 37. b5 Nf6 38. gxf5+ Kxf5 39. Bf8 Nxh5 40. Ke3 Kf6 41. a5 Nf4 42. Ke4 Ne6 43. Bd6 Ng5+ 44. Ke3 Nf7 45. Bb4 Ke6 46. c5 Kd7 47. c6+ bxc6 48. bxa6 Kc7 49. Ke4 g6 50. f4 exf4 51. Kxf4 Kb8 52. Bc5 Ka8 53. Bb6 h5 54. Bg1 g5+ 55. Kf5 h4 56. Bc5 h3 57. Bg1 c5 58. Kg4 h2 59. Bxh2 c4 60. Bg1 Ne5+ 61. Kf5 Nf3 62. Be3 c3 63. Kg4 Nd2 64. Kxg5 Nc4 65. Bc1 Ka7 66. Kf4 Kxa6 67. Ke4 Kxa5 68. Kd3 Kb4 69. Kc2 Na5 70. Bd2 cxd2 1/2-1/2

[Event "Wuerttemberg-ch"]
[Site "Stuttgart"]
[Date "2016.08.30"]
[Round "4"]
[White "Reck, Moritz"]
[Black "Namyslo, Holger"]
[Result "0-1"]
[WhiteElo "2141"]
[BlackElo "2267"]
[PlyCount "70"]
[EventDate "2016.08.27"]
[EventType "swiss"]
[EventRounds "9"]
[EventCountry "GER"]
[SourceTitle "CBM 174 Extra"]
[Source "ChessBase"]
[SourceDate "2016.10.10"]
[SourceVersion "1"]
[SourceVersionDate "2016.10.10"]
[SourceQuality "1"]

1. d4 d5 2. c4 e6 3. Nc3 c6 4. Nf3 dxc4 5. a4 Bb4 6. e3 b5 7. Ne5 Bb7 8. Qf3 Qe7 9. Bd2 Nf6 10. Qg3 0-0 11. f3 a6 12. e4 Nfd7 13. Ng4 c5 14. Qc7 Ra7 15. dxc5 Bxc5 16. axb5 Bxe4 17. Qg3 Bd5 18. Ne3 axb5 19. Rxa7 Bxa7 20. Nxb5 Bxe3 21. Bxe3 Qb4+ 22. Nc3 Qxb2 23. Bd2 Nc6 24. Qd6 Nde5 25. Nd1 Qa2 26. Bc3 Rd8 27. Qc7 Nd3+ 28. Bxd3 cxd3 29. Bd2 Qa7 30. Qf4 e5 31. Qh4 f6 32. Be3 Qa5+ 33. Kf2 Ne7 34. g4 Qa2+ 35. Kg3 Qe2 0-1

[Event "Wuerttemberg-ch"]
[Site "Stuttgart"]
[Date "2016.08.29"]
[Round "3"]
[White "Reck, Moritz"]
[Black "Pflaum, Stefan"]
[Result "0-1"]
[WhiteElo "2141"]
[BlackElo "2072"]
[PlyCount "66"]
[EventDate "2016.08.27"]
[EventType "swiss"]
[EventRounds "9"]
[EventCountry "GER"]
[SourceTitle "CBM 174 Extra"]
[Source "ChessBase"]
[SourceDate "2016.10.10"]
[SourceVersion "1"]
[SourceVersionDate "2016.10.10"]
[SourceQuality "1"]

1. e4 e5 2. Nc3 Nf6 3. g3 Nc6 4. Bg2 Bc5 5. d3 0-0 6. Bg5 h6 7. Bd2 d6 8. h3 Nd4 9. Be3 Bd7 10. Qd2 Bc6 11. 0-0-0 b5 12. f4 b4 13. Nce2 Nxe2+ 14. Nxe2 Bxe3 15. Qxe3 Qe7 16. f5 d5 17. g4 dxe4 18. dxe4 Rfd8 19. Bf3 Nd7 20. Qf2 Nc5 21. Ng3 Rd4 22. Rxd4 exd4 23. Qxd4 Rd8 24. Qe3 Qe5 25. Bg2 Na4 26. Qb3 Qf4+ 27. Kb1 Qf2 28. Qf3 Qd4 29. c3 bxc3 30. bxc3 Nxc3+ 31. Kb2 Rb8+ 32. Kc2 Ba4+ 33. Kc1 Rb1# 0-1

[Event "BL2-Sued 1516"]
[Site "Germany"]
[Date "2016.02.21"]
[Round "7.6"]
[White "Reck, Moritz"]
[Black "Kachiani Gersinska, Ketino"]
[Result "0-1"]
[WhiteElo "2128"]
[BlackElo "2347"]
[PlyCount "63"]
[EventDate "2015.09.20"]
[EventType "team-tourn"]
[EventRounds "9"]
[EventCountry "GER"]
[SourceTitle "EXT 2017"]
[Source "ChessBase"]
[SourceDate "2016.10.25"]
[SourceVersion "1"]
[SourceVersionDate "2016.10.25"]
[SourceQuality "1"]
[WhiteTeam "Schoenaich"]
[BlackTeam "Baden-Baden II"]
[WhiteTeamCountry "GER"]
[BlackTeamCountry "GER"]

1. g3 g6 2. Bg2 Bg7 3. e4 Nc6 4. Nc3 d6 5. d3 Nd4 6. Be3 c5 7. Qd2 Qa5 8. 0-0-0 Bg4 9. Re1 Nb5 10. Nb1 Qxa2 11. c4 Nd4 12. Bxd4 cxd4 13. Qb4 Rb8 14. Na3 Bd7 15. Nf3 b6 16. Ng5 a5 17. Qd2 Qa1+ 18. Nb1 b5 19. f4 bxc4 20. dxc4 d3 21. e5 dxe5 22. fxe5 Rb4 23. Qc3 d2+ 24. Kxd2 Qxb2+ 25. Qc2 Bh6 26. h4 Ba4 27. Qxb2 Rxb2+ 28. Kc3 Rxg2 29. e6 Rxg3+ 30. Kd4 Bxg5 31. exf7+ Kxf7 32. Rhf1+ 0-1

[Event "BL2-Sued 1516"]
[Site "Germany"]
[Date "2015.12.13"]
[Round "4.8"]
[White "Gibicar, Danijel"]
[Black "Reck, Moritz"]
[Result "1-0"]
[WhiteElo "2241"]
[BlackElo "2128"]
[PlyCount "143"]
[EventDate "2015.09.20"]
[EventType "team-tourn"]
[EventRounds "9"]
[EventCountry "GER"]
[SourceTitle "EXT 2017"]
[Source "ChessBase"]
[SourceDate "2016.10.25"]
[SourceVersion "1"]
[SourceVersionDate "2016.10.25"]
[SourceQuality "1"]
[WhiteTeam "Eppingen"]
[BlackTeam "Schoenaich"]
[WhiteTeamCountry "GER"]
[BlackTeamCountry "GER"]

1. e4 e6 2. d4 d5 3. Nc3 Nf6 4. e5 Nfd7 5. f4 c5 6. Nce2 Nc6 7. c3 cxd4 8. cxd4 Bb4+ 9. Nc3 0-0 10. a3 Ba5 11. Nf3 f6 12. Be3 fxe5 13. fxe5 Ne7 14. Bd3 Nf5 15. Bd2 Nb8 16. g4 Nh6 17. h3 Nc6 18. 0-0 Bd7 19. Be3 Bb6 20. Bc2 Nf7 21. Qd3 g6 22. Ne2 a6 23. Nf4 Ne7 24. a4 Kh8 25. Nh4 Rc8 26. Rf2 Rxc2 27. Qxc2 g5 28. Nd3 gxh4 29. Raf1 Kg8 30. Nc5 Bxc5 31. Qxc5 Ng6 32. Rf6 Qc8 33. Qxc8 Bxc8 34. Rc1 Bd7 35. Rc7 Bxa4 36. Rxe6 Nd8 37. Rd6 Bc6 38. e6 Re8 39. Rc8 Nxe6 40. Rdxc6 bxc6 41. Rxe8+ Kf7 42. Ra8 Ngf4 43. Rxa6 Ne2+ 44. Kf2 N2xd4 45. Bxd4 Nxd4 46. Ke3 Nc2+ 47. Kf4 Nb4 48. Rb6 c5 49. Ke5 d4 50. Rb7+ Kg8 51. Ke4 d3 52. Ke3 Nd5+ 53. Kxd3 Nf4+ 54. Ke4 Nxh3 55. Rb3 Nf2+ 56. Kf3 Nh3 57. Rb5 Ng5+ 58. Kg2 Ne4 59. Kh3 Kf7 60. Kxh4 h6 61. Rb6 Kg7 62. Rc6 Kh7 63. Kh3 Nf2+ 64. Kg3 Nd3 65. Rb6 c4 66. Kf3 Kg7 67. Ke4 Nf2+ 68. Kf5 Nd3 69. Rb7+ Kg8 70. Kg6 Ne5+ 71. Kh5 Kf8 72. Rb5 1-0

[Event "Wuerttemberg-ch MT"]
[Site "Stuttgart"]
[Date "2015.09.05"]
[Round "8"]
[White "Maj, Kornel"]
[Black "Reck, Moritz"]
[Result "0-1"]
[WhiteElo "2051"]
[BlackElo "2157"]
[PlyCount "106"]
[EventDate "2015.08.29"]
[EventType "swiss"]
[EventRounds "9"]
[EventCountry "GER"]
[SourceTitle "EXT 2017"]
[Source "ChessBase"]
[SourceDate "2016.10.25"]
[SourceVersion "1"]
[SourceVersionDate "2016.10.25"]
[SourceQuality "1"]

1. e4 g6 2. d4 Bg7 3. Nc3 d6 4. f4 Nc6 5. Be3 Nf6 6. Nf3 0-0 7. Qd2 Ng4 8. Bg1 e5 9. d5 Ne7 10. h3 Nf6 11. fxe5 dxe5 12. 0-0-0 a6 13. Bh2 Nd7 14. Kb1 b5 15. d6 cxd6 16. Qxd6 Qe8 17. Bg1 Kh8 18. Nxb5 axb5 19. Bxb5 Qd8 20. Bxd7 Bb7 21. Bb6 Nc8 22. Bxd8 Nxd6 23. Be7 Nxe4 24. Bxf8 Rxf8 25. Rhe1 f5 26. Be6 Rb8 27. Ka1 Nc5 28. Bb3 e4 29. Ng5 Bf6 30. Ne6 Nxb3+ 31. axb3 Bh4 32. Re2 Ba6 33. c4 Rxb3 34. Nc5 Bxc4 35. Rc2 Rb4 36. Rd4 Bd3 37. Rxb4 Bxc2 38. Ne6 Kg8 39. Rb8+ Kf7 40. Nd4 Bd3 41. Rb7+ Kf6 42. b4 e3 43. Kb2 e2 44. Nxe2 Bxe2 45. Rxh7 Be1 46. Rc7 Bxb4 47. Rc2 Bd3 48. Rf2 Bc5 49. Rd2 Be4 50. Kc3 Kg5 51. g3 Bb6 52. h4+ Kh5 53. Rd7 Bf2 0-1